000 00655nam a2200229Ia 4500
005 20260429112257.0
008 260429s9999||||xx |||||||||||||| ||und||
020 _a9789348596734
041 _aEnglish
082 _a664.804
_bKUM
100 _aKumar, Dinesh
245 0 _aCitrus Processing and Postharvest Management /
_cDinesh Kumar
260 _aNew Delhi :
_bToday & Tomorrow's Printers and Publishers,
_c2025.
300 _a175 p.; hb
650 _a Food processing
650 _a Postharvest technology
650 _aCitrus fruits
700 _a Ghosh, Dilip
700 _a Gurjar, Manju
700 _a Roy, Subhra Saikat
942 _cTB
999 _c53270
_d53270